LEADER 01525nam 2200277la 450 001 9910481504003321 005 20230503102644.0 035 $a(UK-CbPIL)2090343834 035 $a(CKB)5500000000105473 035 $a(EXLCZ)995500000000105473 100 $a20230503d1571 uy | 101 0 $alat 135 $aurcn||||a|bb| 200 10$aC. Iulii Caesaris Commentariorum De bello Gallico, libri 8 Ciuili Pompeiano, libri 3 Alexandrino, lib. 1 Africano, lib. 1 Hispaniensi, lib. 1 eiusdem fragmenta a Fuluio Vrsino collecta Galliae, Hispaniae, locorumque insignium, pictura. Nomina tum uetera, tum recentia, explanata variae lectiones Scholia Aldi Manutii Paulli f. Aldi n 210 $aVenice $cAldo Manuzio, 1547-1597$d1571 215 $aOnline resource (2 pt. ([16], 320 [6], 37, [5]; 57, [7] p.) ill., ritr. e c. geogr., 8°.) 300 $aReproduction of original in Biblioteca Nazionale Centrale di Firenze. 700 $aCaesar$b Julius$0159728 701 $aOrsini$b Fulvio$f1529-1600.$0327843 701 $aManuzio$b Aldo$f1547-1597.$0720947 801 0$bUk-CbPIL 801 1$bUk-CbPIL 906 $aBOOK 912 $a9910481504003321 996 $aC. Iulii Caesaris Commentariorum De bello Gallico, libri 8 Ciuili Pompeiano, libri 3 Alexandrino, lib. 1 Africano, lib. 1 Hispaniensi, lib. 1 eiusdem fragmenta a Fuluio Vrsino collecta Galliae, Hispaniae, locorumque insignium, pictura. Nomina tum uetera, tum recentia, explanata variae lectiones Scholia Aldi Manutii Paulli f. Aldi n$92102853 997 $aUNINA